| 000 | 00634nac a22002291i 4500 | ||
|---|---|---|---|
| 003 | EG-ScBUE | ||
| 005 | 20221221105705.0 | ||
| 008 | 221221t2007 gw a f 001 0 eng d | ||
| 020 | _a9783866540040 | ||
| 040 |
_aEG-ScBUE _beng _erda _cEG-ScBUE _dEG-ScBUE |
||
| 082 | 0 | 4 |
_a738 _bCER _222 |
| 245 | 0 | 0 |
_aCeramic design / _ceditor and texts Eva Marin. |
| 264 | 1 |
_aCologne : _bDaab, _c[2007] |
|
| 264 | 4 | _cc2007 | |
| 300 |
_a383 pages : _bcolor illustrations ; _c23 cm |
||
| 500 | _aIncludes index. | ||
| 650 | 7 |
_aCeramic arts. _2BUEsh |
|
| 653 | _bART | ||
| 655 | _vReading book | ||
| 700 | 1 |
_aMarin, Eva, _eeditor. |
|
| 942 |
_cBB _2ddc |
||
| 999 |
_c8184 _d8184 |
||